[Event "GEBA"]
[Site "Buenos Aires"]
[Date "1991.??.??"]
[Round "10"]
[White "Van Riemsdijk, Herman C"]
[Black "Spangenberg, Hugo"]
[Result "1/2-1/2"]
[WhiteElo "2450"]
[BlackElo "2220"]

1.e4 c5 2.Nf3 Nc6 3.Bb5 g6 4.O-O Bg7 5.c3 Nf6 6.Re1 O-O 7.d4 cxd4 8.cxd4 d5
9.e5 Ne4 10.Nc3 Nxc3 11.bxc3 Na5 12.Bg5 Bd7 13.Qd3 Rc8 14.Rac1 b6 15.Ba6 Rc7
16.Bf4 e6 17.Bg5 Qe8 18.Qd2 b5 19.Bh6 Nc4 20.Qf4 Na3 21.Qh4 Qd8 22.Ng5 f6
23.Bxg7 fxg5 24.Qh6 Rf7 25.Bf6 Rxf6 26.exf6 Qxf6 27.Re3 Rc6 28.Bb7 Rb6 29.Ba8 Qf8
30.Qxg5 Nc4 31.Rh3 Nd6 32.Re1 Nf7 33.Qh4 h6 34.Qg3 Kg7 35.Qc7 Qc8 36.Qxc8 Bxc8
37.Rf3 a5 38.h4 h5 39.a3 Bd7 40.Bxd5 exd5 41.Re7 Bf5 42.Ra7 a4 43.Re3 Kf6
44.Re8 Rc6 45.Rb8 Nd6 46.f3 Ke6 47.Kf2 Rxc3 48.Rb6 Rc8 49.Ke3 Rd8 50.Kf4 Rd7
51.Raa6 Ke7 52.g4 Bd3 53.gxh5 gxh5 54.Kg5 Nc4 55.Re6+ Kf7 56.f4 Nd2 57.f5 Ne4+
58.Kf4 b4 59.Rxa4 b3 60.Rb4 Bc2 61.Rh6 Kg7 62.Rbb6 Rd6  1/2-1/2

[Event "BUL-ch"]
[Site "?"]
[Date "1991.??.??"]
[Round "6"]
[White "Stavrev, Nikolai"]
[Black "Djonev, Svetozar"]
[Result "0-1"]
[WhiteElo "2265"]
[BlackElo "2225"]

1.e4 c5 2.Nf3 Nc6 3.Bb5 g6 4.O-O Bg7 5.c3 Nf6 6.Re1 O-O 7.d4 cxd4 8.e5 Nd5
9.cxd4 a6 10.Bc4 Nb6 11.Bb3 d5 12.h3 Bf5 13.Nc3 Na5 14.Bc2 Bxc2 15.Qxc2 Qd7
16.Qe2 Nc6 17.Bf4 Nd8 18.Ng5 Ne6 19.Nxe6 Qxe6 20.a4 Rac8 21.a5 Nd7 22.Qf3 Rc4
23.Red1 f6 24.exf6 Nxf6 25.Qe3 Ne4 26.Nxe4 Qxe4 27.Qxe4 dxe4 28.Be3 Rd8 29.Rac1 Rdc8
30.Rxc4 Rxc4 31.d5 Be5 32.Rb1 Rb4 33.b3 Rb5 34.b4 Bd6 35.Bb6 Rxb4 36.Re1 Kf7
37.g3 Kf6 38.Kg2 Ke5 39.Rd1 Rc4 40.Rd2 Bb4 41.Rd1 Kd6 42.h4 Bc5 43.Rb1 Rb4
44.Bxc5+ Kxc5 45.Rc1+ Kxd5 46.Rc8 Rb5 47.Rb8 Kd4  0-1

[Event "Burgas"]
[Site "Burgas"]
[Date "1991.??.??"]
[Round "10"]
[White "Levacic, Patrick"]
[Black "Radulov, Ivan"]
[Result "0-1"]
[WhiteElo "2265"]
[BlackElo "2405"]

1.e4 c5 2.Nf3 Nc6 3.Bb5 g6 4.O-O Bg7 5.c3 e5 6.d3 Nge7 7.Be3 d6 8.d4 exd4
9.cxd4 O-O 10.Nc3 b6 11.d5 Nb8 12.e5 Bg4 13.exd6 Qxd6 14.Bc4 Bxc3 15.bxc3 Nd7
16.Be2 Qxd5 17.Qa4 Ne5 18.Rfd1 Qc6 19.Qf4 Bxf3 20.Qxe5 Bxe2 21.Rd6 Qe8 22.Qf6 Nf5  0-1

[Event "Cacak"]
[Site "Cacak"]
[Date "1991.??.??"]
[Round "1"]
[White "Ziatdinov, Raset"]
[Black "Cabrilo, Goran"]
[Result "1/2-1/2"]
[WhiteElo "2515"]
[BlackElo "2490"]

1.e4 c5 2.Nf3 Nc6 3.Bb5 g6 4.Bxc6 dxc6 5.h3 Bg7 6.d3 b6 7.Nc3 e5 8.Bg5 Ne7
9.Qd2 h6 10.Be3 Be6 11.Nh2 Qd7 12.f4 exf4 13.Bxf4 g5 14.Be3 f5 15.O-O-O O-O-O
16.h4 f4 17.Bf2 Ng6 18.hxg5 hxg5 19.g3 Rdf8 20.gxf4 Nxf4 21.Be3 Rh3 22.Rhf1 Bd4
23.Bg1 Qh7 24.Nf3 Bxc3 25.bxc3 Rxf3 26.Rxf3 Bg4 27.Rf2 Bxd1 28.Qxd1 Qd7 29.Qf1 Kb7
30.Bh2 Qg4 31.Kb1 Rf7 32.Rf3 a5 33.Bg1 Rf8 34.Be3 Rf7 35.Bc1 Rf8 36.d4 cxd4
37.cxd4 Rf7 38.Qf2 Qe6 39.e5 Rh7 40.Bxf4 gxf4 41.Rxf4 Rh1+ 42.Kb2 Qc4 43.Qf3 Re1
44.Qb3 Qb4 45.a3 Qxb3+ 46.Kxb3 b5 47.c3 c5 48.Kc2 b4 49.axb4 axb4 50.Kd3 bxc3
51.Kxc3 cxd4+ 52.Kxd4 Kc6 53.Rf7 Re2  1/2-1/2

[Event "Cacak-B"]
[Site "Cacak"]
[Date "1991.??.??"]
[Round "2"]
[White "Palkovi, Jozsef"]
[Black "Colovic, Dusan"]
[Result "1-0"]
[WhiteElo "2460"]
[BlackElo "2255"]

1.e4 c5 2.Nf3 Nc6 3.Bb5 e6 4.O-O Nge7 5.Re1 a6 6.Bf1 d5 7.e5 Ng6 8.c3 Be7
9.d4 O-O 10.Be3 Qc7 11.Nbd2 cxd4 12.cxd4 f5 13.exf6 Bxf6 14.Rc1 Qf7 15.h3 e5
16.dxe5 Ngxe5 17.Nxe5 Bxe5 18.Nf3 Bf6 19.Bc5 Re8 20.Rxe8+ Qxe8 21.Qxd5+ Be6
22.Qd1 Bxa2 23.b3 Na5 24.Qd2 Bxb3 25.Qxa5 Bd5 26.Nh2 h5 27.Bd4 Qd8 28.Bb6  1-0

[Event "Cacak-B"]
[Site "Cacak"]
[Date "1991.??.??"]
[Round "4"]
[White "Dolmatov, Sergey"]
[Black "Colovic, Dusan"]
[Result "0-1"]
[WhiteElo "2620"]
[BlackElo "2255"]

1.e4 c5 2.Nf3 Nc6 3.Bb5 e6 4.O-O Nge7 5.b3 a6 6.Bxc6 Nxc6 7.Bb2 b5 8.a4 bxa4
9.Rxa4 Bb7 10.Re1 d6 11.d4 cxd4 12.Nxd4 Be7 13.Na3 O-O 14.Nc4 Re8 15.Qa1 Nxd4
16.Bxd4 Bf8 17.Qb2 e5 18.Bc3 d5 19.Na5 Qd7 20.Nxb7 Qxb7 21.Bxe5 dxe4 22.Bd4 Rac8
23.Raa1 Re6 24.g3 Qc6 25.c4 Rce8 26.Be3 Rd8 27.c5 Rd3 28.Rac1 Be7 29.Rc4 f5
30.Qc2 Re5 31.b4 Red5 32.Qa2 h6 33.Rd4 Rxd4 34.Bxd4 Kh7 35.Be3 Bf6 36.Qc4 Kg6
37.Rb1 Rd3 38.Rc1 Bb2 39.Rc2 Rd1+ 40.Kg2 f4 41.gxf4 Qe8 42.Qxa6+ Kf5  0-1

[Event "Cacak"]
[Site "Cacak"]
[Date "1991.??.??"]
[Round "10"]
[White "Nikolic, Stanimir"]
[Black "Popchev, Milko"]
[Result "0-1"]
[WhiteElo "2325"]
[BlackElo "2450"]

1.e4 c5 2.Nf3 Nc6 3.Bb5 e6 4.Bxc6 bxc6 5.e5 Ba6 6.b3 f6 7.Bb2 Be7 8.Nc3 fxe5
9.Nxe5 Nf6 10.d3 Qc7 11.Qe2 O-O 12.O-O Rae8 13.Rae1 Bc8 14.f4 d6 15.Nf3 Nd5
16.g3 Bf6 17.Qd2 Qf7 18.Na4 Qh5 19.c4 Bxb2 20.Nxb2 Nf6 21.Nd1 Ng4 22.Qg2 e5
23.h3 Nf6 24.g4 Nxg4 25.hxg4 Bxg4 26.Ng5 Bxd1 27.Rxd1 exf4 28.Nf3 Re3 29.Rd2 Rf6
30.Qh2 Rg6+ 31.Rg2 Rxg2+ 32.Qxg2 Rxd3 33.Kf2 Rc3 34.Re1 Rc2+ 35.Re2 Rxe2+
36.Kxe2 Qf5 37.Nd2 d5 38.Kd1 h5 39.cxd5 cxd5 40.Nf3 Qb1+ 41.Ke2 Qxa2+ 42.Nd2 Qa6+
43.Kf3 Qf6 44.Qe2 Kf7 45.Qh2 g6 46.Nf1 Qc3+ 47.Ke2 f3+ 48.Kf2 Qc2+ 49.Kg3 Qg2+
50.Qxg2 fxg2 51.Kxg2 Kf6 52.Kf3 Ke5 53.Ng3 a5 54.Ne2 g5 55.Ke3 g4 56.Nc1 c4
57.bxc4 dxc4 58.Ne2 h4 59.Nc3 h3 60.Kf2 Kd4  0-1

[Event "Cappelle op"]
[Site "Cappelle la Grande"]
[Date "1991.??.??"]
[Round "?"]
[White "Bus, Mariusz"]
[Black "Vaisser, Anatoli"]
[Result "0-1"]
[WhiteElo "2420"]
[BlackElo "2540"]

1.e4 c5 2.Nf3 Nc6 3.Bb5 e6 4.O-O Nge7 5.Re1 a6 6.Bf1 d5 7.exd5 Nxd5 8.d4 Nf6
9.c3 cxd4 10.cxd4 Be7 11.Nc3 O-O 12.Bg5 b5 13.Rc1 Bb7 14.Bxf6 Bxf6 15.Ne4 Bxd4
16.Rxc6 Bxf2+ 17.Nxf2 Qxd1 18.Rxd1 Bxc6 19.Ne5 Rfc8 20.Bd3 Bd5 21.Nd7 Rc6
22.Ne5 Rc7 23.a3 Bb3 24.Re1 Rd8 25.Kf1 f6 26.Nf3 Bc2 27.Bxc2 Rxc2 28.Rxe6 Rxb2
29.Rxa6 Rb1+ 30.Ke2 Re8+ 31.Kd3 Rb2 32.Ne4 Rxg2 33.Ra5 Rd8+ 34.Kc3 Re2 35.Ned2 g5
36.h3 Rd5 37.a4 b4+ 38.Kxb4 Rdxd2 39.Nxd2 Rxd2 40.Rf5 Kf7 41.a5 Ke6 42.Rc5 Rb2+
43.Ka3 Rb1 44.Ka2 Rb8 45.a6 f5 46.Ra5 f4 47.a7 Ra8 48.Kb2 f3 49.Ra3 f2 50.Rf3 Rxa7
51.Rxf2 Rc7  0-1

[Event "Cappelle op"]
[Site "Cappelle la Grande"]
[Date "1991.??.??"]
[Round "4"]
[White "Conquest, Stuart"]
[Black "Gomez Jurado, Luis Alberto"]
[Result "1-0"]
[WhiteElo "2460"]
[BlackElo "2310"]

1.e4 c5 2.Nf3 Nc6 3.Bb5 d6 4.O-O Bd7 5.Re1 a6 6.Bf1 e5 7.a4 Be7 8.Na3 Nf6
9.Nc4 O-O 10.d3 b5 11.axb5 axb5 12.Rxa8 Qxa8 13.Nb6 Qb7 14.Nxd7 Qxd7 15.c3 b4
16.d4 bxc3 17.bxc3 cxd4 18.cxd4 Nxd4 19.Nxd4 exd4 20.Qxd4 Rc8 21.Bb2 Qb7
22.h3 d5 23.exd5 Bc5 24.Qe5 Qxd5 25.Qg3 Qd6 26.Be5 Qb6 27.Bd3 Bd4 28.Bxh7+ Kxh7
29.Qd3+ Kg8 30.Qxd4 Qxd4 31.Bxd4 Nh7 32.g4 Ng5 33.Kg2 Ne6 34.Be5 Ra8 35.Rd1 Ra3
36.h4 Kh7 37.f3 Ra2+ 38.Kg3 Ra5 39.Bd6 Ra4 40.h5 Rd4 41.Rxd4 Nxd4 42.Kf4 Ne6+
43.Kf5 Nd4+ 44.Ke4 Ne6 45.f4 Nd8 46.g5 Ne6 47.Ke5 Nd8 48.Bc5 Nc6+ 49.Kd5 Nd8
50.f5 g6 51.Bb6  1-0

[Event "JUG-chT Cetinje"]
[Site "Cetinje"]
[Date "1991.??.??"]
[Round "1"]
[White "Ivanovic, Bozidar"]
[Black "Pavlovic, Milos"]
[Result "1-0"]
[WhiteElo "2535"]
[BlackElo "2480"]

1.e4 c5 2.Nf3 Nc6 3.Bb5 d6 4.O-O Bd7 5.c3 a6 6.Ba4 Nf6 7.Re1 b5 8.Bc2 Bg4
9.h3 Bxf3 10.Qxf3 g6 11.a4 Rb8 12.axb5 axb5 13.Na3 Qc8 14.Qe2 b4 15.Nb5 Bg7
16.Na7 Nxa7 17.Rxa7 O-O 18.Rxe7 b3 19.Bd3 Nd7 20.Bb5 Ne5 21.d4 cxd4 22.cxd4 Qd8
23.Bg5 Qb6 24.dxe5 Qxb5 25.Qf3 dxe5 26.Rc1 Rb7 27.Rc3 Rxe7 28.Bxe7 Rb8 29.Bd6 Ra8
30.Rxb3 Qc6 31.Ba3 Rd8 32.Rc3 Qb7 33.Rc4 h5 34.b3 Qa6 35.Bc1 Rd4 36.Qe2 Qd6
37.Be3 Rd3 38.Qc2 Bf6 39.Rc6  1-0

[Event "JUG-chT Cetinje"]
[Site "Cetinje"]
[Date "1991.??.??"]
[Round "2"]
[White "Ivkov, Borislav"]
[Black "Ljubisavljevic, Zivojin Z"]
[Result "1/2-1/2"]
[WhiteElo "2485"]
[BlackElo "2285"]

1.Nf3 c5 2.e4 Nc6 3.Bb5 e6 4.O-O Nge7 5.c3 a6 6.Ba4 b5 7.Bc2 d5 8.d4 cxd4
9.exd5 Nxd5 10.Nxd4 Bb7 11.a4 Qh4 12.Nf3 Qh5 13.axb5 axb5 14.Rxa8+ Bxa8 15.Nbd2 Nf6
16.Ne4 Nxe4 17.Bxe4 Be7 18.Ng5 Qxd1 19.Rxd1 h6 20.Nf3 O-O 21.Be3 f5 22.Bxc6 Bxc6
23.Nd4 Bd5 24.Nxb5 Rb8 25.Nc7 Rxb2 26.Nxd5 exd5 27.g3 Rb5 28.Bd4 Bc5 29.Be5 Rb2
30.Rxd5 Bxf2+ 31.Kf1 Be3 32.h4 Kf7 33.Bf4 Bxf4 34.Rxf5+ Kg6 35.Rxf4 Kh5 36.Rf2 Rb3
37.Rf3 Kg4 38.Kg2 g5 39.hxg5 hxg5 40.Re3 Rb2+ 41.Kf1 Kh3  1/2-1/2

[Event "Cetinje (Women)"]
[Site "Cetinje"]
[Date "1991.??.??"]
[Round "4"]
[White "Titova Boric, Elena"]
[Black "Gocheva, Rumiana B"]
[Result "1-0"]
[WhiteElo "2235"]
[BlackElo "2220"]

1.e4 c5 2.Nf3 Nc6 3.Bb5 d6 4.d4 cxd4 5.Qxd4 Bd7 6.Bxc6 Bxc6 7.Nc3 Nf6 8.Bg5 e6
9.O-O-O Be7 10.Rhe1 O-O 11.Kb1 h6 12.Bc1 Qc7 13.Qd3 Rfc8 14.Nd4 b5 15.Ndxb5 Bxb5
16.Nxb5 Qb7 17.f3 d5 18.e5 Nd7 19.Nd4 Nc5 20.Qb5 Qc7 21.Qe2 Rab8 22.Nb3 Na4
23.f4 a5 24.g4 Rb4 25.Qd2 Nb6 26.c3 Nc4 27.Qd3 Rb7 28.Ka1 Rcb8 29.Re2 a4
30.Nd4 Na5 31.f5 Nb3+ 32.Kb1 Nxc1 33.Rxc1 exf5 34.gxf5 Bg5 35.Rcc2 Qb6 36.e6 fxe6
37.fxe6 Re8 38.Re1 Rbe7 39.Qg6 a3 40.b3 Bf6 41.Rd2 Qc5 42.Qd3 Rc7 43.Rc2 Bxd4
44.cxd4 Qa5 45.Qd2 Qxd2 46.Rxd2 Rc6 47.Rde2 Re7 48.Re5 Rd6 49.Kc2 Kf8 50.Kd2 Rc7
51.e7+ Ke8 52.Rg1 g6 53.Rc1 Rxc1 54.Kxc1 Rf6 55.Rxd5 Rf1+ 56.Kd2 Kxe7 57.Re5+ Kd6
58.Re2 Kd5 59.Kc3 Rf3+ 60.Kb4 g5 61.Kxa3 g4 62.Kb4 Kxd4 63.a4 Rf4 64.Rg2 h5
65.a5 Kd3+ 66.Ka3 h4 67.b4 Kc4 68.Rc2+ Kb5 69.Rc5+ Ka6 70.Ka4 g3 71.hxg3 hxg3
72.Rg5 Rf3 73.Rg7 Rf4 74.Rg6+ Ka7 75.Rxg3 Rf7 76.Rg4 Rh7 77.Rg5 Rf7 78.Kb5 Rb7+
79.Kc4 Rc7+ 80.Rc5 Rh7 81.Rd5 Rc7+ 82.Kb5 Rb7+ 83.Ka4 Rh7 84.Rd4 Rg7 85.b5 Rh7
86.Kb4 Rg7 87.a6 Rh7 88.Ka5 Rh5 89.Rd7+ Kb8 90.Kb6 Rh8 91.Kc6 Rc8+ 92.Kd5 Rc1
93.b6 Rd1+ 94.Ke6 Re1+ 95.Kf5 Rf1+ 96.Ke4 Re1+ 97.Kf3 Rf1+ 98.Ke2 Rf8 99.Re7 Ka8
100.Ke3 Kb8 101.Ke4 Ka8 102.Ke5 Rh8 103.Kd6 Rb8 104.Ra7+  1-0

[Event "JUG-chT Cetinje"]
[Site "Cetinje"]
[Date "1991.??.??"]
[Round "7"]
[White "Vujosevic, Vladimir"]
[Black "Ilic, Zoran"]
[Result "1/2-1/2"]
[WhiteElo "2380"]
[BlackElo "2395"]

1.e4 c5 2.Nf3 Nc6 3.Bb5 d6 4.O-O Bd7 5.c3 a6 6.Ba4 Nf6 7.Re1 c4 8.Bc2 Bg4
9.b3 cxb3 10.Bxb3 e5 11.h3 Bh5 12.d3 Be7 13.Nbd2 O-O 14.Nf1 d5 15.Ng3 dxe4
16.Nxh5 exf3 17.Nxf6+ Bxf6 18.Qxf3 Qa5 19.Bb2 Rad8 20.Re4 Rd7 21.Rd1 Rfd8
22.h4 Qb5 23.d4 exd4 24.cxd4 Na5 25.Rde1 Rc7 26.Qf5 h6 27.Re5 Bxe5 28.Rxe5 Qb4
29.Rxa5 Qe1+ 30.Kh2 Qd2 31.Ba3 Qxd4 32.Rd5 Rxd5 33.Qxd5 Qxh4+ 34.Kg1 Qf4
35.g3 Qf6 36.Kg2 Qc6 37.Qxc6 Rxc6 38.Kf3 b5 39.Bb4 g6 40.Ke4 h5 41.a3 Rc1
42.Bd5  1/2-1/2

[Event "Cheliabinsk"]
[Site "Cheliabinsk"]
[Date "1991.??.??"]
[Round "?"]
[White "Ulibin, Mikhail"]
[Black "Sherbakov, Ruslan"]
[Result "1/2-1/2"]
[WhiteElo "2465"]
[BlackElo "2505"]

1.e4 c5 2.Nf3 Nc6 3.Bb5 e6 4.O-O Nge7 5.Re1 a6 6.Bf1 d5 7.exd5 Qxd5 8.b3 Nf5
9.Bb2 Be7 10.Na3 Qd8 11.Nc4 Ra7 12.a4 b6 13.Nfe5 Bb7 14.Bd3 O-O 15.Nxc6 Bxc6
16.Bxf5 exf5 17.d4 Bd5 18.Ne3 Bf6 19.Rb1 cxd4 20.Bxd4 Be4 21.Bxf6 Qxf6 22.f3 Ba8
23.Qd3 g6 24.Rbd1 Re8 25.Nc4 Rae7 26.Rxe7 Qxe7 27.Nxb6 Qc5+ 28.Qd4 Qxc2 29.Nd7 Re6
30.h4 h5 31.Rd3 Re2 32.Nf6+ Kf8 33.Qd8+ Kg7 34.Nxh5+ Kh7 35.Nf6+ Kg7 36.Nh5+ Kh7
37.Nf6+ Kg7 38.Qg8+ Kxf6 39.Qh8+ Ke6 40.Qe8+ Kf6 41.Qh8+  1/2-1/2

[Event "EUCup Yerevan-Cheliabinsk"]
[Site "Cheliabinsk"]
[Date "1991.??.??"]
[Round "1"]
[White "Minasian, Artashes"]
[Black "Kozirev, Alexander"]
[Result "0-1"]
[WhiteElo "2510"]
[BlackElo "2345"]

1.e4 c5 2.Nf3 Nc6 3.Bb5 e6 4.O-O Nge7 5.c3 a6 6.Ba4 b5 7.Bc2 d5 8.a4 b4 9.a5 g6
10.d4 Bg7 11.dxc5 O-O 12.exd5 Nxd5 13.c4 Nde7 14.Qd6 Ra7 15.Qg3 Rd7 16.h4 h6
17.Ra2 e5 18.b3 Re8 19.h5 g5 20.Bxg5 hxg5 21.Nxg5 Nd4 22.Bh7+ Kf8 23.Nxf7 Kxf7
24.f4 e4 25.f5 Bf6 26.Raf2 Rh8 27.Bg6+ Kf8 28.Nd2 Bb7 29.Re1 Qxa5 30.Nxe4 Bxe4
31.Rxe4 Qxc5 32.Kh2 Qd6 33.Rff4 Be5 34.f6 Nxg6 35.Qxg6 Bxf4+ 36.g3 Bxg3+
37.Kg2 Be5 38.Rg4 Qxf6 39.Qe4 Rxh5 40.Qa8+ Rd8  0-1

[Event "Cheliabinsk op"]
[Site "Cheliabinsk"]
[Date "1991.??.??"]
[Round "3"]
[White "Sveshnikov, Evgeny"]
[Black "Beshukov, Sergei"]
[Result "1-0"]
[WhiteElo "2510"]
[BlackElo "2305"]

1.e4 c5 2.Nf3 Nc6 3.Bb5 g6 4.c3 Qb6 5.Na3 Bg7 6.O-O a6 7.Be2 e5 8.d4 cxd4
9.Nc4 Qc7 10.cxd4 Nxd4 11.Nxd4 exd4 12.e5 d5 13.exd6 Qc5 14.b4 Qa7 15.Re1 Kf8
16.Bf4 Be6 17.Rc1 Nf6 18.Bf3 h6 19.Rxe6 fxe6 20.Ne5 g5 21.Rc7 gxf4 22.Qc2 Kg8
23.Rxg7+  1-0

[Event "Capablanca mem-B"]
[Site "Cienfuegos"]
[Date "1991.??.??"]
[Round "5"]
[White "Damaso, Rui"]
[Black "Franco Ocampo, Zenon"]
[Result "1/2-1/2"]
[WhiteElo "2390"]
[BlackElo "2495"]

1.e4 c5 2.Nf3 Nc6 3.Bb5 e6 4.Bxc6 bxc6 5.O-O Ne7 6.b3 Ng6 7.e5 Be7 8.Ba3 O-O
9.d4 cxd4 10.Qxd4 f6 11.Bxe7 Qxe7 12.Nbd2 fxe5 13.Nxe5 Nf4 14.Rae1 c5 15.Qe3 Bb7
16.Ne4 Rac8 17.Nd3 Nxd3  1/2-1/2

[Event "Capablanca mem"]
[Site "Cienfuegos"]
[Date "1991.??.??"]
[Round "10"]
[White "Sariego, Wilfredo"]
[Black "Armas, Jorge"]
[Result "1/2-1/2"]
[WhiteElo "2420"]
[BlackElo "2395"]

1.e4 c5 2.Nf3 Nc6 3.Bb5 g6 4.O-O Bg7 5.c3 Nf6 6.e5 Nd5 7.d4 cxd4 8.cxd4 O-O
9.Nc3 Nc7 10.Ba4 a6 11.Bg5 b5 12.Bb3  1/2-1/2

[Event "Capablanca mem-C"]
[Site "Cienfuegos"]
[Date "1991.??.??"]
[Round "11"]
[White "Lugo, Blas"]
[Black "Ochoa de Echaguen, F Javier"]
[Result "1/2-1/2"]
[WhiteElo "2335"]
[BlackElo "2390"]

1.e4 c5 2.Nf3 Nc6 3.Bb5 g6 4.O-O Bg7 5.Nc3 e5 6.Bxc6 bxc6 7.d3 d6 8.Ne1 g5
9.Ne2 h6 10.Ng3 Ne7 11.Nh5 O-O 12.c3 f5 13.Nxg7 Kxg7 14.exf5 Nxf5 15.Nc2 Qf6
16.b3 Ba6 17.Re1 Rae8 18.Qd2  1/2-1/2

[Event "Politicen Cup"]
[Site "Copenhagen"]
[Date "1991.??.??"]
[Round "?"]
[White "Jansa, Vlastimil"]
[Black "Hansen, Lars Bo"]
[Result "1/2-1/2"]
[WhiteElo "2495"]
[BlackElo "2525"]

1.e4 c5 2.Nf3 Nc6 3.Bb5 e6 4.O-O Nge7 5.b3 d6 6.d4 cxd4 7.Nxd4 a6 8.Bxc6+ bxc6
9.Bb2 e5 10.Ne2 Ng6 11.Nd2 Be7 12.Nc4 O-O 13.Qd3 Be6  1/2-1/2

[Event "Corfu op"]
[Site "Corfu"]
[Date "1991.??.??"]
[Round "4"]
[White "Georgiev, Krum"]
[Black "Podlesnik, Bogdan"]
[Result "1-0"]
[WhiteElo "2480"]
[BlackElo "2360"]

1.e4 c5 2.Nf3 Nc6 3.Bb5 e6 4.O-O Nge7 5.b3 Nd4 6.Nxd4 cxd4 7.c3 a6 8.Bd3 d5
9.Bb2 Nc6 10.exd5 Qxd5 11.cxd4 Nxd4 12.Nc3 Qd8 13.Qg4 f5 14.Qg3 Kf7 15.Ne2 Bd6
16.Qe3 Nxe2+ 17.Bxe2 Rf8 18.Qd4 Rg8 19.Rac1 Qe7 20.Rfe1 Rb8 21.Bf3 Kg6 22.g4 e5
23.Qd3 Rf8 24.Kh1 Kh6 25.Rxc8 Rbxc8 26.gxf5 g6 27.Be4 g5 28.f4 g4 29.fxe5 Bxe5
30.Bd5 Rc1 31.Bxc1 Qd6 32.Bb2 Rxf5 33.Bxe5 Rxe5 34.Rxe5 Qxe5 35.Qe3+  1-0

[Event "Corfu op"]
[Site "Corfu"]
[Date "1991.??.??"]
[Round "6"]
[White "Georgiev, Krum"]
[Black "Todorov, Ognjan"]
[Result "1-0"]
[WhiteElo "2480"]
[BlackElo "2400"]

1.e4 c5 2.Nf3 Nc6 3.Bb5 g6 4.c3 Nf6 5.Qe2 Bg7 6.O-O O-O 7.Rd1 d6 8.d4 cxd4
9.cxd4 Bg4 10.Nc3 d5 11.e5 Ne4 12.Nxe4 dxe4 13.Bxc6 bxc6 14.Qxe4 Be6 15.Bf4 Qb6
16.Rd2 Rfd8 17.Qe3 Rd5 18.Bg5 Rd7 19.h4 Rad8 20.b3 Bg4 21.Rc1 Bxf3 22.Qxf3 Bxe5
23.Rxc6 Qb8 24.d5 Bh2+ 25.Kh1  1-0

[Event "Corfu op"]
[Site "Corfu"]
[Date "1991.??.??"]
[Round "7"]
[White "Conquest, Stuart"]
[Black "Grivas, Efstratios"]
[Result "1-0"]
[WhiteElo "2460"]
[BlackElo "2425"]

1.e4 c5 2.Nf3 Nc6 3.Bb5 d6 4.c3 Nf6 5.Qe2 Bd7 6.d4 cxd4 7.cxd4 a6 8.Bd3 e5
9.d5 Nb4 10.Bc4 b5 11.Bb3 a5 12.O-O Be7 13.a4 bxa4 14.Bxa4 Bxa4 15.Rxa4 O-O
16.Nc3 Na6 17.Ra3 Nc5 18.Nd2 Nfd7 19.Nc4 a4 20.Be3 Qb8 21.Rfa1 Nb3 22.R1a2 Nd4
23.Qd1 Rc8 24.Rxa4 Rxa4 25.Qxa4 Nc5 26.Qa7 Qxa7 27.Rxa7 Bf8 28.f3 Rb8 29.Na4 Nd3
30.Bd2 Nb3 31.Bc3 g6 32.h4 f5 33.Nab6 fxe4 34.Nd7  1-0

[Event "DEN-ch"]
[Site "DEN"]
[Date "1991.??.??"]
[Round "5"]
[White "Kristiansen, Jens"]
[Black "Hansen, Lars Bo"]
[Result "1/2-1/2"]
[WhiteElo "2415"]
[BlackElo "2525"]

1.e4 c5 2.Nf3 Nc6 3.Bb5 g6 4.O-O Bg7 5.c3 e5 6.d4 cxd4 7.cxd4 exd4 8.Bf4 d6
9.Nxd4 Ne7 10.Nc3 O-O 11.Nxc6 bxc6 12.Bc4 d5 13.exd5 Bxc3 14.bxc3 Nxd5 15.Bh6 Re8
16.Qd4 Qf6 17.Bxd5 Qxd4 18.Bxf7+ Kxf7 19.cxd4 Be6 20.Bf4 Rad8 21.Be5 Rd7
22.a4 Rb7 23.h3 Rd8 24.Rfc1 Bd5 25.Rab1 Rdd7 26.f3 a6 27.Kf2 h5 28.g4 hxg4
29.hxg4 g5 30.a5 Rb5 31.Rxb5 cxb5 32.Rc7 Rxc7 33.Bxc7 b4 34.Bd6 b3 35.Ba3 Ke6
36.Ke3 Bc6 37.f4 gxf4+ 38.Kxf4 Bb5 39.Ke4 Bc6+ 40.Kf4 Bb5 41.Bb2 Be2 42.g5 Bh5  1/2-1/2

[Event "Dortmund-C"]
[Site "Dortmund"]
[Date "1991.??.??"]
[Round "3"]
[White "Mainka, Romuald"]
[Black "Kochyev, Alexander"]
[Result "1/2-1/2"]
[WhiteElo "2430"]
[BlackElo "2500"]

1.e4 c5 2.Nf3 Nc6 3.Bb5 e6 4.O-O Nge7 5.Nc3 Ng6 6.d4 cxd4 7.Nxd4 a6 8.Be2 Qc7
9.Kh1 Nf4 10.Be3 Be7 11.Qd2 Nxe2 12.Qxe2 b5 13.Rad1 Bb7 14.a3  1/2-1/2

[Event "FIN-chT"]
[Site "FIN"]
[Date "1991.??.??"]
[Round "?"]
[White "Haapasalo, Jukka Pekka"]
[Black "Ebeling, Mika"]
[Result "1-0"]
[WhiteElo "2240"]
[BlackElo "2275"]

1.e4 c5 2.Nf3 Nc6 3.Bb5 g6 4.O-O Bg7 5.c3 Nf6 6.Re1 a6 7.Ba4 b5 8.Bb3 c4
9.Bc2 d5 10.exd5 Qxd5 11.d3 cxd3 12.Qxd3 Qxd3 13.Bxd3 O-O 14.Bf4 Bg4 15.Ne5 Nxe5
16.Bxe5 Rfd8 17.Bf1 Nd7 18.Bxg7 Kxg7 19.a4 bxa4 20.Rxa4 Bf5 21.b4 Nb6 22.Ra5 Bd3
23.Na3 Bxf1 24.Kxf1 Rac8 25.Rxa6 Rxc3 26.Nb1 Rc6 27.b5 Rf6 28.Rxe7 Rd3 29.Ra3 Rd5
30.Nc3 Rd3 31.Ke2 Rxc3 32.Rxc3 Nd5 33.Rcc7 Nxe7 34.Rxe7 Rf4 35.b6 Rb4 36.b7 Kf6
37.Rc7 h5 38.Kd3 Rb1 39.Kd4 Rd1+ 40.Kc5 Rc1+ 41.Kd6 Rb1 42.Kd7  1-0

[Event "FRA-ch"]
[Site "FRA"]
[Date "1991.??.??"]
[Round "?"]
[White "Seret, Jean Luc"]
[Black "Apicella, Manuel"]
[Result "0-1"]
[WhiteElo "2425"]
[BlackElo "2455"]

1.e4 c5 2.Nf3 Nc6 3.Bb5 g6 4.O-O Bg7 5.Re1 Nf6 6.e5 Nd5 7.Nc3 Nc7 8.Bxc6 dxc6
9.Ne4 b6 10.d3 O-O 11.h3 Be6 12.a4 Qd7 13.b3 Bd5 14.Bb2 Bh6 15.Nh2 Bxe4 16.Rxe4 Ne6
17.Ng4 Bg7 18.Qd2 h5 19.Nh2 f5 20.exf6 exf6 21.Rae1 Rae8 22.Nf3 Nc7 23.Qf4 Kh7
24.Qg3 Rxe4 25.dxe4 Ne6 26.e5 f5 27.Ng5+ Nxg5 28.Qxg5 f4 29.Bc3 Rf5 30.Qh4 Qe8
31.g4 fxg3 32.fxg3 Rf3 33.Bb2 Qd7 34.Kg2 Qd2+ 35.Kxf3 Qxe1 36.Qe4 Qf1+  0-1

[Event "FRA-chT"]
[Site "FRA"]
[Date "1991.??.??"]
[Round "?"]
[White "Weill, Roland"]
[Black "Levacic, Damir"]
[Result "1/2-1/2"]
[WhiteElo "2235"]
[BlackElo "2400"]

1.e4 c5 2.Nf3 Nc6 3.Bb5 g6 4.O-O Bg7 5.Re1 Nf6 6.e5 Nd5 7.Nc3 Nc7 8.Bxc6 dxc6
9.b3 O-O 10.Bb2 Bg4 11.Ne4 Ne6 12.h3 Bxf3 13.Qxf3 Qd5 14.Rad1 a5 15.c4 Qd7
16.Qe3 b6 17.d4 cxd4 18.Bxd4 Nxd4 19.Rxd4 Qc7 20.f4 Bh6 21.g3 a4 22.b4 Qc8
23.Kg2 Qe6 24.a3 Rab8 25.c5 b5 26.Red1 Qxe5 27.fxe5 Bxe3 28.Rd7 Rfe8 29.Rc7 Rbc8
30.Rdd7 Rxc7 31.Rxc7 Bc1 32.Rxc6 Bxa3 33.Rb6 Bb2 34.Rxb5 a3 35.Ra5 Rb8 36.c6 a2
37.c7 Rc8 38.Nd6 Rxc7 39.Ra8+ Kg7 40.Ne8+ Kh6 41.Nxc7 a1=Q 42.Rxa1 Bxa1 43.e6 Be5
44.Ne8 fxe6 45.b5 Bd4 46.Nc7 g5 47.Na8 Kg6 48.b6 Kf7 49.b7 Be5 50.Nb6 Ke8
51.Kf3 h5 52.Nc4 Bb8 53.Ke4 Kd7 54.Ne5+ Kc7 55.g4 hxg4 56.hxg4 Kxb7 57.Nf7 Bf4  1/2-1/2

[Event "FRA-chT"]
[Site "FRA"]
[Date "1991.??.??"]
[Round "?"]
[White "Degraeve, Jean Marc"]
[Black "Apicella, Manuel"]
[Result "0-1"]
[WhiteElo "2450"]
[BlackElo "2430"]

1.e4 c5 2.Nf3 Nc6 3.Bb5 g6 4.O-O Bg7 5.Re1 Qb6 6.Bxc6 Qxc6 7.Nc3 d6 8.d4 Bg4
9.d5 Qc7 10.Bf4 Qb6 11.Rb1 Nf6 12.h3 Bxf3 13.Qxf3 Nd7 14.Qe3 O-O 15.Bh6 a6
16.Bxg7 Kxg7 17.Kh1 Qa5 18.f4 b5 19.a3 f6 20.Qg3 Rab8 21.b4 Qb6 22.Qg4 Qc7
23.Re3 Nb6 24.bxc5 Qxc5 25.Rg3 Nc4 26.Re1 Qf2 27.Re2 Qf1+ 28.Kh2 Qc1 29.h4 Nd2
30.Rd3 h5 31.Qe6 Nc4 32.g3 Rf7 33.e5 dxe5 34.fxe5 Nxe5 35.Rd1 Qxa3 36.Rxe5 Qxc3
37.Re2 a5 38.Qd7 Qc8 39.Qa7 Ra8 40.Qb6  0-1

[Event "Peer Gynt"]
[Site "Gausdal"]
[Date "1991.??.??"]
[Round "9"]
[White "Panchenko, Alexander N"]
[Black "Yakovich, Yuri"]
[Result "1/2-1/2"]
[WhiteElo "2445"]
[BlackElo "2560"]

1.e4 c5 2.Nf3 Nc6 3.Bb5 g6 4.O-O Bg7 5.Re1 e5 6.Bxc6 dxc6 7.d3 Nh6 8.Be3 b6
9.Qc1 Ng4 10.Bg5 Qc7 11.a4 O-O 12.Na3 Be6 13.Nc4 b5 14.Ne3 c4 15.dxc4 bxc4
16.Nxg4 Bxg4 17.Nd2 Be6 18.b3 cxb3 19.cxb3 f6 20.Be3 Rab8 21.Qc3 Rfc8 22.Bc5 Bf8
23.Bxf8 Kxf8 24.Rac1 Qb6 25.Re3 Rd8 26.Nc4 Bxc4 27.Qxc4 Rd4 28.Qc2 Rbd8 29.g3 R8d6
30.Qc5 Ke7 31.Kg2 Rb4 32.h4 h5 33.Rc4 Qxc5 34.Rxc5 Kd7 35.Ra5 Rb7 36.Rc3 Rd4
37.Ra6 Rc7 38.Kf3 Rb4 39.Ke3 Rb6 40.Rxb6 axb6 41.b4 c5 42.Rd3+ Ke7 43.Rb3 cxb4
44.Rxb4 Rc3+  1/2-1/2

[Event "GER-ch U20"]
[Site "GER"]
[Date "1991.??.??"]
[Round "?"]
[White "Wagner, Anselm"]
[Black "Gueldner, Kurt"]
[Result "0-1"]
[WhiteElo "2235"]
[BlackElo "2310"]

1.e4 c5 2.Nf3 Nc6 3.Bb5 e6 4.O-O Nge7 5.Re1 a6 6.Bf1 g6 7.c3 Bg7 8.d4 cxd4
9.cxd4 d5 10.Nc3 dxe4 11.Nxe4 O-O 12.Bg5 f6 13.Be3 Nd5 14.Nc5 b6 15.Nb3 Nce7
16.Bd2 Qd6 17.Rc1 Re8 18.g3 Bd7 19.Bg2 a5 20.Na1 Rac8 21.Qe2 Nf5 22.Nc2 Qb8
23.Ne3 Nfxe3 24.fxe3 Ne7 25.e4 Rxc1 26.Bxc1 b5 27.Bf4 Qb7 28.Qd3 Bc6 29.Nd2 a4
30.Be3 f5 31.Qc3 fxe4 32.Bf2 e3 33.Qxe3 Bxg2 34.Qxe6+ Kh8 35.Qf7 Bc6 36.d5 Ng8
37.Qxb7 Rxe1+ 38.Bxe1 Bxb7 39.d6 Bc6  0-1